Mammals. The small plant-eaters /

Examines those mammals which are herbivores, including koalas, marmots, hamsters, and squirrels.

Bibliographic Details
Main Author: Bramwell, Martyn
Other Authors: Parker, Steve, 1952-
Format: Book
Language:English
Published: New York : Facts on File, [1988]
Series:Encyclopedia of the animal world.
Subjects:

MARC

Tag First Indicator Second Indicator Subfields
LEADER 00000cam a2200000 a 4500
001 in00000915531
005 20150924124318.0
008 880429s1988 nyua j b 00110 eng
010 |a  88016934  
020 |a 0816019584 
035 |a (OCoLC)18050446 
035 |9 AEP0909AM 
040 |a DLC  |c DLC  |d TXA  |d UtOrBLW 
049 |a [Curr Col] TXAM  |c [A12979945] 
050 0 0 |a QL706.2  |b .B72 1988 
082 0 0 |a 599  |2 19 
100 1 |a Bramwell, Martyn. 
245 1 0 |a Mammals.  |p The small plant-eaters /  |c Martyn Bramwell & Steve Parker, with contributions by Jill Bailey and Linda Losito. 
264 1 |a New York :  |b Facts on File,  |c [1988] 
264 4 |c ©1988 
300 |a 96 pages :  |b illustrations (some color) ;  |c 29 cm. 
336 |a text  |b txt  |2 rdacontent 
337 |a unmediated  |b n  |2 rdamedia 
338 |a volume  |b nc  |2 rdacarrier 
490 1 |a Encyclopedia of the animal world 
500 |a "An Equinox book." 
500 |a Spine title: The small plant-eaters. 
504 |a Bibliography: page 95. 
500 |a Includes indexes. 
520 |a Examines those mammals which are herbivores, including koalas, marmots, hamsters, and squirrels. 
650 0 |a Herbivores  |x Juvenile literature. 
650 0 |a Mammals  |v Juvenile literature. 
650 1 |a Herbivores. 
650 1 |a Mammals. 
700 1 |a Parker, Steve,  |d 1952- 
740 0 |a Small plant-eaters. 
830 0 |a Encyclopedia of the animal world. 
999 |a MARS 
999 f f |s 5073120c-b9c8-3691-8028-1be0109879f4  |i 88b6181d-3543-3087-a1b9-e90c9fe063bd  |t 0 
952 f f |p normal  |a Texas A&M University  |b College Station  |c Sterling C. Evans Library  |d Evans: Curriculum Collection (4th floor)  |t 0  |e QL706.2 .B72 1988  |h Library of Congress classification  |i unmediated -- volume  |m A14812979945 
998 f f |a QL706.2 .B72 1988  |t 0  |l Evans: Curriculum Collection (4th floor)